Los últimos cien días : (Record no. 57639)

MARC details
000 -CABECERA
campo de control de longitud fija 00648nam a2200181 a 4500
005 - FECHA Y HORA DE LA ÚLTIMA TRANSACCIÓN
campo de control 20231012063537.0
008 - ELEMENTOS DE LONGITUD FIJA--INFORMACIÓN GENERAL
campo de control de longitud fija 991125s1967 ag 000 0 spa u
035 ## - NÚMERO DE CONTROL DEL SISTEMA
Número de control de sistema UPN01000057639
049 ## - COLECCIÓN
Colección CE
050 #4 - SIGNATURA TOPOGRÁFICA DE LA BIBLIOTECA DEL CONGRESO
Número de clasificación D735
Número de documento/Ítem D6.88
100 1# - ASIENTO PRINCIPAL--NOMBRE PERSONAL
Nombre de persona Dollinger, Hans
245 14 - MENCIÓN DE TÍTULO
Título Los últimos cien días :
Resto del título en fotografías y documentos /
Mención de responsabilidad, etc. por Hans Dollinger ; asesor técnico Adolf Jacobsen ; tr. Antonio Tomas.
260 ## - PUBLICACIÓN, DISTRIBUCIÓN, ETC.
Lugar de publicación, distribución, etc. Buenos Aires :
Nombre del editor, distribuidor, etc. Plaza & Janes,
Fecha de publicación, distribución, etc. 1967.
300 ## - DESCRIPCIÓN FÍSICA
Extensión 444 p. :
Otras características físicas principalmente il.
500 ## - NOTA GENERAL
Nota general "La terminación de la segunda guerra mundial en Europa y Asia"
650 #4 - ASIENTO SECUNDARIO DE MATERIA - TERMINO TEMATICO
Término de materia o nombre geográfico como elemento de entrada Guerra Mundial II, 1939-1945
9 (RLIN) 10597
905 ## - TIPO DE MATERIAL
Tipo de material Libro
Holdings
Estado de retiro Estado de pérdida Fuente del sistema de clasificación o colocación Estado dañado No para préstamo Código de colección Localización permanente Ubicación/localización actual Ubicación en estantería Fecha de adquisición Clasificación Código de barras Fecha visto por última vez Número de copia Tipo de ítem Koha
    Library of Congress Classification   Coleccion Esp. Colección Especial Bib. Gregorio Torres Quintero Bib. Gregorio Torres Quintero Colección Especial 02/05/2023 D735 D6.88 17672 31/12/2020 1 Libro